Methods and techniques of radar recognition (Record no. 68260)

000 -LEADER
fixed length control field 00433nam a22001697a 4500
003 - CONTROL NUMBER IDENTIFIER
control field NUST - PNEC
005 - DATE AND TIME OF LATEST TRANSACTION
control field 20170116181047.0
008 - FIXED-LENGTH DATA ELEMENTS--GENERAL INFORMATION
fixed length control field 150928b xxu||||| |||| 00| 0 eng d
020 ## - INTERNATIONAL STANDARD BOOK NUMBER
International Standard Book Number 0890067198
040 ## - CATALOGING SOURCE
Transcribing agency LIBRARY
082 ## - DEWEY DECIMAL CLASSIFICATION NUMBER
Classification number 621.3848 NEB
100 ## - MAIN ENTRY--PERSONAL NAME
9 (RLIN) 11740
Personal name Nebabin, V. G.
245 ## - TITLE STATEMENT
Title Methods and techniques of radar recognition
Statement of responsibility, etc. V.G. Nebabin
260 ## - PUBLICATION, DISTRIBUTION, ETC.
Place of publication, distribution, etc. c.1995
650 ## - SUBJECT ADDED ENTRY--TOPICAL TERM
9 (RLIN) 11741
Topical term or geographic name entry element Radar
General subdivision MIS
942 ## - ADDED ENTRY ELEMENTS (KOHA)
Source of classification or shelving scheme
Koha item type Book
Holdings
Withdrawn status Lost status Source of classification or shelving scheme Damaged status Not for loan Permanent Location Current Location Shelving location Date acquired Total Checkouts Full call number Barcode Date last seen Price effective from Koha item type
          Pakistan Navy Engineering College (PNEC) Pakistan Navy Engineering College (PNEC)       621.3848 NEB PNECLIB-021769 09/28/2015   Book
          Pakistan Navy Engineering College (PNEC) Pakistan Navy Engineering College (PNEC)   10/03/2015   621.3848 NEB PNECLIB-021770 10/03/2015   Book
© 2023 Central Library, National University of Sciences and Technology. All Rights Reserved.